000 01240cam a2200277 i 4500
003 SA-RiAUC
005 20260114114205.0
008 260104q19001999ua g 00000 ara c
040 _aSA-JeALM
_bara
_cSA-RiAUC
_erda
082 0 4 _a213
_qSA-RiAUC
090 _aم ن 213
_bش ط ا
100 1 _aشطا، محمد سعيد بن عثمان بن محمد.
_eمؤلف.
245 1 0 _aمجموع الجواهر المكية في الخطب الجمعية /
_cتأليف محمد سعيد بن عثمان بن شطا.
250 _aالطبعة الثانية.
264 1 _a[مكان النشر غير محدد] :
_b[الناشر غير محدد]،
_c1928
_aالقاهرة :
_bمطبعة محمد علي صبيح.
300 _a160 صفحة ؛
_c18 سم
336 _aنص
_btxt
_2rdacontent
_3كتاب
337 _aبدون وسيط
_bn
_2rdamedia
338 _aمجلد
_bnc
_2rdacarrier
500 _aفي أوله رسالة في فضيلة يوم الجمعة وما ورد في وجوبها وشروطها.
650 7 _aالوعظ والإرشاد
_2aucsh
650 7 _aالدعوة الإسلامية
_2aucsh
650 7 _aصلاة الجمعة
_2aucsh
942 _2ddc
_cRBOOK COPY
_n0
949 _aSA-JeALM
_d260104
_umohamedma123
_n1
999 _c14045
_d14045